00433nam a2200169Ia 450000500170000000800410001702000220005804100120008008200130009210000210010524500420012625000080016826000250017650000140020165000260021570000220024120240913125647.0240913s9999||||xx |||||||||||||| ||und|| a978-81-8489-371-7 aENGLISH A620.5 Q0 aSandeep K Shukla 0aNano, Quantum and Molecular Computing a1st c2010bKluwar Academi aREFERENCE aNanobNano Technology a Iris Bahar R Ed.